1686 1435 1484 1220 1462 1089 1082 1453 1154 1950 1381 1083 1370 1492 1718 1365 1985 1185 1579 1434 1905 1561 1205 1445 1449 1658 1412 1171 1855 1521 1086 1977 1687 1539 1567 1307 1498 1458 1883 1063 1297 1160 1462 1492 1996 1890 1900 1153 1027 1854 1666 1066 1028 1867 1427 1242 1651 1433 1735 1430 1940 1812 1185 1426 1657 1808 1439 1486 1399 1380 1282 1550 1025 1046 1910 1490 1796 1687 1265 1194 1392 1244 1877 1300 1082 1101 1302 1298 1635 1087 1822 1393 1878 1599 1193 1064 1796 1416 1038 BCNSPRNW ULIB Ver.6.0+V

เปลี่ยนเป็นภาษาไทย

Change to English
 แสดงรายละเอียดบรรณานุกรม
  กลับหน้าหลัก

Brief Record : Get Marc (ISO 2709) : E-mail record : QR code < ปิดหน้าต่าง
LEADER : 00000nam 2200000uu 4500
001    13399122869
003     ULIB
008    131022s2555||||th 000 0 tha d
020    ^a9786162132193
050  4 ^aDS520^bส834ซ
100    ^aสุภฤกษ์ บุญทอง
245    ^aซินจ่าว...เวียดนาม/^cสุภฤกษ์ บุญทอง
250    ^aพิมพ์ครั้งที่ 2
260    ^aกรุงเทพฯ :^bสกายบุ๊กส์,^c2555
300    ^a72 หน้า
440  0 ^aชุด ประชาคมอาเซียนฉบับการ์ตูน
650  7 ^aอาเซียน^xเสริมความรู้
650  7 ^aเวียดนาม
945    ^p119^l0^i034089
999    ^aเกษร โพธิ์สุวรรณ
รายการนี้ยังไม่มีแท็ก
คุณยังไม่ได้ล็อกอิน คุณสามารถมีกิจกรรมร่วมกับเว็บไซต์ได้ แต่ต้องล็อกอินก่อน ::
  ล็อกอิน

รายการสื่อสารสนเทศ

ลำดับที่ ประเภท เลขเรียก/บาร์โค้ด สถานที่ สถานะ
1. การศึกษาทั่วไป
หนังสือสำรอง
สถานะ=หนังสือสำรอง
DS520 ส834ซ ฉ.1 
  Barcode: 034089
ห้องสมุดวิทยาเขตสวรรค์ประชารักษ์
►หนังสือทั่วไป
บนชั้น

รายการใกล้เคียง
    ผู้แต่ง [สุภฤกษ์ บุญทอง]

    หัวเรื่อง [เวียดนาม]

BibComment


ยังไม่เคยถูกคอมเมนท์

คอมเมนท์ทรัพยากรรายการนี้
  คอมเมนท์: ซินจ่าวเวียดนาม ..


 Copyright 2026. Bcnsprnw @Library